[Event "Titled Tue 3rd Jun Early"]
[Site "chess.com INT"]
[Date "2025.06.03"]
[Round "7"]
[White "Bolashakov, Nurali"]
[Black "Aalto, Patrik"]
[Result "1/2-1/2"]
[WhiteTitle "CM"]
[BlackTitle "FM"]
[WhiteElo "2184"]
[BlackElo "2313"]
[WhiteFideId "13792105"]
[BlackFideId "510726"]
[EventDate "2025.06.03"]

1. e4 c5 2. Nf3 e6 3. d4 cxd4 4. Nxd4 Nc6 5. Nc3 Qc7 6. g3 a6 7. Bg2 h5 8. O-O
h4 9. Be3 Nf6 10. Re1 Be7 11. Bf4 d6 12. Nxc6 bxc6 13. e5 dxe5 14. Bxe5 Qb6 15.
Bd4 Qc7 16. Be5 Qb6 17. Bd4 Qc7 18. Be5 1/2-1/2

[Event "Titled Tue 3rd Jun Early"]
[Site "chess.com INT"]
[Date "2025.06.03"]
[Round "7"]
[White "Terkiewicz, Bruno"]
[Black "Zhou, Yuxu"]
[Result "1-0"]
[WhiteTitle "CM"]
[BlackTitle "CM"]
[WhiteElo "2183"]
[BlackElo "2087"]
[WhiteFideId "21093245"]
[BlackFideId "8626421"]
[EventDate "2025.06.03"]

1. Nf3 b5 2. e3 Ba6 3. b3 h5 4. Bb2 f6 5. Bd3 d5 6. Bg6+ Kd7 7. Nd4 e6 8. Bf7 e5
9. Ne6 Qe7 10. Nxf8+ Qxf8 11. Bxd5 c6 12. Be4 Kc7 13. Nc3 Bb7 14. Qf3 Nd7 15.
Nxb5+ cxb5 16. Bxb7 Rd8 17. Qc6+ Kb8 18. Ba6 Nc5 19. Qxb5+ Kc7 20. Ba3 Qd6 21.
Bxc5 Qxd2+ 22. Kf1 Rb8 23. Qc4 Kd7 24. Qf7+ Kc6 25. Qc4 Kd7 26. Bb5+ Kd8 27. Bb4 1-0

[Event "Titled Tue 3rd Jun Early"]
[Site "chess.com INT"]
[Date "2025.06.03"]
[Round "7"]
[White "Nugumanov, Bakhtiyar"]
[Black "Modric, Nesa"]
[Result "0-1"]
[WhiteTitle "IM"]
[BlackTitle "CM"]
[WhiteElo "2305"]
[BlackElo "2088"]
[WhiteFideId "13701797"]
[BlackFideId "922579"]
[EventDate "2025.06.03"]

1. e4 c6 2. d4 d5 3. e5 Bf5 4. h4 h5 5. Bd3 Bxd3 6. Qxd3 e6 7. Nf3 Ne7 8. Bg5
Qa5+ 9. Nbd2 Nf5 10. O-O Nd7 11. c4 dxc4 12. Nxc4 Qc7 13. Rac1 Nb6 14. Rfd1 Nd5
15. Ne3 Nfxe3 16. fxe3 Be7 17. e4 Nb6 18. d5 exd5 19. exd5 Bxg5 20. d6 Qd7 21.
Nxg5 O-O-O 22. Rf1 f6 23. e6 Qxd6 24. Nf7 Qxd3 0-1

[Event "Titled Tue 3rd Jun Early"]
[Site "chess.com INT"]
[Date "2025.06.03"]
[Round "7"]
[White "Nagare Kaivalya Sandip"]
[Black "Keneshbekov, Elim"]
[Result "1-0"]
[WhiteTitle "FM"]
[BlackTitle "CM"]
[WhiteElo "2321"]
[BlackElo "1867"]
[WhiteFideId "25957929"]
[BlackFideId "13816772"]
[EventDate "2025.06.03"]

1. e4 c5 2. Nf3 d6 3. d4 cxd4 4. Nxd4 Nf6 5. Nc3 a6 6. Bg5 e6 7. f4 Be7 8. Qf3
Nbd7 9. O-O-O Qc7 10. g4 b5 11. Bxf6 Nxf6 12. g5 Nd7 13. f5 Ne5 14. Qg3 b4 15.
Nce2 Bb7 16. Bg2 Qa5 17. Kb1 Nc4 18. fxe6 Qxg5 19. exf7+ Kxf7 20. Qb3 Rhc8 21.
Bh3 Bxe4 22. Be6+ Kf8 23. Bxc4 1-0

[Event "Titled Tue 3rd Jun Early"]
[Site "chess.com INT"]
[Date "2025.06.03"]
[Round "7"]
[White "Ismagilov, Damir"]
[Black "Hoepfl, Thomas"]
[Result "1-0"]
[WhiteTitle "CM"]
[BlackTitle "FM"]
[WhiteElo "2173"]
[BlackElo "2194"]
[WhiteFideId "34199982"]
[BlackFideId "4615182"]
[EventDate "2025.06.03"]

1. d4 Nf6 2. c4 e6 3. Nc3 Bb4 4. e3 O-O 5. Bd3 d5 6. cxd5 exd5 7. a3 Bxc3+ 8.
bxc3 c5 9. Ne2 b6 10. O-O Ba6 11. f3 Bxd3 12. Qxd3 Nc6 13. Ng3 Re8 14. Bb2 h5
15. Rae1 h4 16. Nf5 h3 17. g4 Qd7 18. Kh1 Rad8 19. Rg1 g6 20. e4 dxe4 21. fxe4
Ne5 22. Qxh3 Nc4 23. Qh6 1-0

[Event "Titled Tue 3rd Jun Early"]
[Site "chess.com INT"]
[Date "2025.06.03"]
[Round "7"]
[White "Mahdavi, Reza"]
[Black "Sturt, Raven"]
[Result "1-0"]
[WhiteTitle "IM"]
[BlackTitle "GM"]
[WhiteElo "2445"]
[BlackElo "2459"]
[WhiteFideId "12595926"]
[BlackFideId "2007304"]
[EventDate "2025.06.03"]

1. Nf3 Nc6 2. d4 d5 3. g3 Nf6 4. Bg2 Bg4 5. O-O Bxf3 6. Bxf3 e6 7. c4 dxc4 8.
Qa4 Qd7 9. Rd1 O-O-O 10. Nc3 a6 11. Qxc4 Nxd4 12. Bf4 Nxf3+ 13. exf3 Nd5 14.
Nxd5 exd5 15. Rxd5 Qc6 16. Rxd8+ Kxd8 17. Qxf7 Kc8 18. Rc1 Bc5 19. Qf5+ 1-0

[Event "Titled Tue 3rd Jun Early"]
[Site "chess.com INT"]
[Date "2025.06.03"]
[Round "7"]
[White "Berezin, Viktor RUS"]
[Black "Ocampos, Ian"]
[Result "0-1"]
[WhiteTitle "FM"]
[WhiteElo "1921"]
[BlackElo "2219"]
[WhiteFideId "4128869"]
[BlackFideId "117544"]
[EventDate "2025.06.03"]

1. e4 c5 2. Nf3 a6 3. d4 cxd4 4. Nxd4 e5 5. Nb3 Nf6 6. Nc3 Bb4 7. Qf3 d5 8. exd5
Bg4 9. Qg3 O-O 10. Bg5 Nbd7 11. f3 Bf5 12. Bd3 Bxd3 13. cxd3 Qc7 14. Rc1 Nxd5
15. O-O Bxc3 16. bxc3 h6 17. Bxh6 Qb6+ 18. Kh1 Qxh6 0-1

[Event "Titled Tue 3rd Jun Early"]
[Site "chess.com INT"]
[Date "2025.06.03"]
[Round "7"]
[White "Shukhman, Anna"]
[Black "Materia, Marco"]
[Result "1-0"]
[WhiteTitle "WGM"]
[BlackTitle "IM"]
[WhiteElo "2413"]
[BlackElo "2489"]
[WhiteFideId "54180058"]
[BlackFideId "45150451"]
[EventDate "2025.06.03"]

1. e4 c6 2. d4 d5 3. e5 Bf5 4. Nf3 e6 5. Be2 Nd7 6. O-O h6 7. c3 f6 8. Nh4 fxe5
9. Bh5+ Ke7 10. Nxf5+ exf5 11. dxe5 Ke6 12. Re1 Ne7 13. Nd2 g6 14. Nb3 c5 15.
Bf3 Qc7 16. c4 dxc4 17. Qd6+ Qxd6 18. exd6+ Kf6 19. dxe7 Bxe7 20. Bd2 Bd6 21.
Bc3+ Be5 22. Nxc5 1-0

[Event "Titled Tue 3rd Jun Early"]
[Site "chess.com INT"]
[Date "2025.06.03"]
[Round "7"]
[White "Le, Tuan Minh"]
[Black "Cordoba Roa, Angel Gabriel"]
[Result "1-0"]
[WhiteTitle "GM"]
[BlackTitle "FM"]
[WhiteElo "2598"]
[BlackElo "2394"]
[WhiteFideId "12401153"]
[BlackFideId "3957624"]
[EventDate "2025.06.03"]

1. d4 Nf6 2. Nf3 e6 3. Bf4 d5 4. e3 Bd6 5. Nbd2 O-O 6. c3 c5 7. Bd3 Bxf4 8. exf4
cxd4 9. Nxd4 Qc7 10. Ne2 Nc6 11. O-O e5 12. fxe5 Nxe5 13. Nb3 Bd7 14. Ng3 Ba4
15. Re1 Rfe8 16. h3 g6 17. Qd2 h5 18. Nd4 Rad8 19. Qf4 Qd6 20. Bb5 Bxb5 21. Nxb5
Qb6 22. Rxe5 1-0

[Event "Titled Tue 3rd Jun Early"]
[Site "chess.com INT"]
[Date "2025.06.03"]
[Round "7"]
[White "Antoniou, Rafail"]
[Black "Mendonca, Leon Luke"]
[Result "0-1"]
[WhiteTitle "CM"]
[BlackTitle "GM"]
[WhiteElo "2134"]
[BlackElo "2630"]
[WhiteFideId "5904390"]
[BlackFideId "35028561"]
[EventDate "2025.06.03"]

1. e4 c6 2. Nf3 d5 3. d3 e6 4. Nbd2 Nf6 5. e5 Nfd7 6. d4 c5 7. c3 Nc6 8. Be2 Qb6
9. Nb3 a5 10. dxc5 Nxc5 11. Nxc5 Bxc5 12. O-O O-O 13. Bd3 f6 14. exf6 Rxf6 15.
Qe2 h6 16. Re1 e5 17. Bb5 Bg4 18. Bxc6 bxc6 19. Be3 e4 20. Bxc5 Qxc5 0-1

[Event "Titled Tue 3rd Jun Early"]
[Site "chess.com INT"]
[Date "2025.06.03"]
[Round "7"]
[White "Gong, Qianyun"]
[Black "Darmanin, Jake"]
[Result "1-0"]
[WhiteTitle "WGM"]
[BlackTitle "CM"]
[WhiteElo "2265"]
[BlackElo "2065"]
[WhiteFideId "8602425"]
[BlackFideId "5601061"]
[EventDate "2025.06.03"]

1. d4 Nf6 2. c4 e6 3. Nf3 d5 4. g3 h6 5. Bg2 Bd6 6. c5 Be7 7. Nc3 b6 8. cxb6
axb6 9. O-O O-O 10. Qc2 Bb7 11. Rd1 Nbd7 12. Bf4 c5 13. Nb5 Bc6 14. a4 Ne4 15.
Nd2 Nxd2 16. Qxd2 f5 17. Nc7 Rxa4 18. Nxe6 Qa8 19. Rxa4 Bxa4 20. Ra1 Rf6 21. Nc7
Qa7 22. Nxd5 Rf7 23. Nxe7+ Rxe7 24. b3 g5 25. Rxa4 1-0

[Event "Titled Tue 3rd Jun Early"]
[Site "chess.com INT"]
[Date "2025.06.03"]
[Round "7"]
[White "Emeliantsev, Anatoliy"]
[Black "Gutierrez Carmona, Juan Alejandro"]
[Result "0-1"]
[WhiteTitle "FM"]
[BlackTitle "FM"]
[WhiteElo "2359"]
[BlackElo "2036"]
[WhiteFideId "4160681"]
[BlackFideId "5106770"]
[EventDate "2025.06.03"]

1. d4 d5 2. c4 e6 3. Nc3 Nf6 4. Bg5 Be7 5. e3 O-O 6. Qc2 Nbd7 7. Nf3 h6 8. h4 c5
9. g4 cxd4 10. exd4 Nxg4 11. cxd5 exd5 12. O-O-O Ndf6 13. Bxf6 Bxf6 14. Kb1 Be6
15. Bd3 Rc8 16. Rdg1 a6 17. Bf5 Qd7 18. Bxg4 Bxg4 19. Qd1 Qf5+ 0-1

[Event "Titled Tue 3rd Jun Early"]
[Site "chess.com INT"]
[Date "2025.06.03"]
[Round "7"]
[White "Tan, Zhongyi"]
[Black "Gharibyan, Mamikon"]
[Result "0-1"]
[WhiteTitle "GM"]
[BlackTitle "GM"]
[WhiteElo "2536"]
[BlackElo "2472"]
[WhiteFideId "8603642"]
[BlackFideId "13308300"]
[EventDate "2025.06.03"]

1. e4 e5 2. Nf3 Nc6 3. Bb5 a6 4. Ba4 Nf6 5. O-O Bc5 6. c3 O-O 7. d4 Ba7 8. Re1
b5 9. Bc2 d6 10. a4 Bg4 11. Be3 Bxf3 12. gxf3 Nh5 13. axb5 axb5 14. Na3 Rb8 15.
Bd3 exd4 16. cxd4 Bxd4 17. f4 Qh4 18. Nxb5 Nxf4 19. Bf1 Rxb5 20. Bxd4 Rg5+ 21.
Kh1 Nxd4 22. Qxd4 Qg4 0-1

[Event "Titled Tue 3rd Jun Early"]
[Site "chess.com INT"]
[Date "2025.06.03"]
[Round "7"]
[White "Montano Vicente, Guadalupe"]
[Black "Goldin, Roman"]
[Result "0-1"]
[BlackTitle "FM"]
[WhiteElo "1940"]
[BlackElo "2296"]
[WhiteFideId "5181399"]
[BlackFideId "2803860"]
[EventDate "2025.06.03"]

1. d4 Nf6 2. c4 Nc6 3. Nf3 e6 4. Nc3 Bb4 5. Bd2 d6 6. Qc2 O-O 7. a3 Bxc3 8. Bxc3
Qe7 9. e3 e5 10. d5 Nb8 11. e4 Nh5 12. O-O-O f5 13. exf5 Bxf5 14. Bd3 e4 15.
Rde1 exd3 16. Rxe7 dxc2 17. Nd4 Bg6 18. Ne6 Na6 19. Nxf8 Kxf8 20. Rhe1 Nc5 21.
g4 Nb3# 0-1

[Event "Titled Tue 3rd Jun Early"]
[Site "chess.com INT"]
[Date "2025.06.03"]
[Round "7"]
[White "Grabinsky, Vladimir"]
[Black "Myagmarsuren, Evsuld"]
[Result "0-1"]
[WhiteTitle "IM"]
[BlackTitle "FM"]
[WhiteElo "2192"]
[BlackElo "2292"]
[WhiteFideId "14107074"]
[BlackFideId "1551639"]
[EventDate "2025.06.03"]

1. e4 f5 2. exf5 g6 3. fxg6 Nf6 4. b3 Bg7 5. Bb2 O-O 6. gxh7+ Kh8 7. Nf3 Nc6 8.
Bd3 e5 9. Bb5 e4 10. Nh4 d5 11. Ng6+ Kxh7 12. Nxf8+ Qxf8 13. Bxc6 bxc6 14. Bxf6
Qxf6 15. Qh5+ Bh6 16. Nc3 Bf5 17. O-O-O Rg8 18. h3 Bg6 19. Qe2 Qxc3 20. Kb1 Qe5
21. d4 exd3 22. Qxe5 dxc2+ 23. Kb2 cxd1=Q 24. Qxc7+ Rg7 0-1

[Event "Titled Tue 3rd Jun Early"]
[Site "chess.com INT"]
[Date "2025.06.03"]
[Round "7"]
[White "Perry, Patrick"]
[Black "Wu, Derek"]
[Result "0-1"]
[BlackTitle "FM"]
[WhiteElo "2296"]
[BlackElo "2232"]
[WhiteFideId "30917727"]
[BlackFideId "30914558"]
[EventDate "2025.06.03"]

1. e4 e5 2. d4 exd4 3. Qxd4 Nc6 4. Qe3 Nf6 5. Bb5 Be7 6. Nf3 O-O 7. O-O d5 8. e5
Ne4 9. Nc3 Bc5 10. Qe2 Nxc3 11. bxc3 Ne7 12. Bg5 c6 13. Bd3 Qe8 14. c4 Be6 15.
cxd5 Bxd5 16. Rfe1 Ng6 17. h4 h6 18. h5 hxg5 19. hxg6 fxg6 20. c4 Bxf3 21. gxf3
g4 22. Rab1 Rxf3 23. Rf1 Qe7 24. Qe4 Rg3+ 25. Kh2 Qh4# 0-1

[Event "Titled Tue 3rd Jun Early"]
[Site "chess.com INT"]
[Date "2025.06.03"]
[Round "7"]
[White "Sovetbekova, Nurai"]
[Black "Asensio Ramos, Enrique Fernando"]
[Result "0-1"]
[WhiteTitle "WFM"]
[BlackTitle "CM"]
[WhiteElo "2007"]
[BlackElo "2206"]
[WhiteFideId "13801910"]
[BlackFideId "2214172"]
[EventDate "2025.06.03"]

1. d4 Nf6 2. Nf3 d5 3. c4 e6 4. Nc3 h6 5. Bf4 Bd6 6. Bxd6 Qxd6 7. e3 O-O 8. c5
Qe7 9. Bd3 b6 10. b4 a5 11. a3 axb4 12. axb4 Rxa1 13. Qxa1 bxc5 14. bxc5 Nc6 15.
Bb5 Bd7 16. O-O Ne4 17. Nxe4 dxe4 18. Nd2 Nxd4 19. Bxd7 Ne2+ 20. Kh1 Qxd7 21.
Nxe4 Qd3 22. Ng3 Nxg3+ 23. hxg3 Rd8 24. Rb1 Qc2 25. Rb2 Qxc5 26. Qb1 Qh5+ 27.
Kg1 Rd1+ 0-1

[Event "Titled Tue 3rd Jun Early"]
[Site "chess.com INT"]
[Date "2025.06.03"]
[Round "7"]
[White "Fiskaaen, Martin Holten"]
[Black "Lai, Duc Minh"]
[Result "0-1"]
[WhiteTitle "FM"]
[WhiteElo "2292"]
[BlackElo "2072"]
[WhiteFideId "1550233"]
[BlackFideId "12420387"]
[EventDate "2025.06.03"]

1. Nf3 f5 2. d4 Nf6 3. g3 g6 4. Bg2 Bg7 5. O-O O-O 6. b3 d6 7. Bb2 Qe8 8. c4 Na6
9. Re1 c6 10. Nbd2 e5 11. dxe5 Ng4 12. h3 Nxe5 13. Nd4 g5 14. e3 Nd3 15. Bc3
Nxe1 16. Qxe1 Nc5 17. b4 Na4 18. N2b3 Nxc3 19. Qxc3 f4 20. exf4 gxf4 21. c5 fxg3
22. fxg3 d5 23. Re1 Qg6 24. Qe3 Bd7 25. Qc3 Rae8 26. Rd1 Bh6 27. Kh2 Be3 28. Nf3
Bf2 29. Ne5 Qg7 0-1

[Event "Titled Tue 3rd Jun Early"]
[Site "chess.com INT"]
[Date "2025.06.03"]
[Round "7"]
[White "Ugarte Soto, Cesar"]
[Black "Lagunov, Evgenij"]
[Result "0-1"]
[WhiteTitle "CM"]
[BlackTitle "FM"]
[WhiteElo "2088"]
[BlackElo "2201"]
[WhiteFideId "3601331"]
[BlackFideId "4125363"]
[EventDate "2025.06.03"]

1. d4 d5 2. Bf4 e6 3. e3 c5 4. c3 Nc6 5. Nd2 Bd6 6. Bg3 Bxg3 7. hxg3 Qd6 8. Ngf3
Nf6 9. Bd3 h6 10. Qe2 O-O 11. Rh4 e5 12. dxe5 Nxe5 13. Nxe5 Qxe5 14. Nf3 Qc7 15.
Qc2 Re8 16. O-O-O b5 17. Bxb5 Re6 18. Bd3 Rb8 19. Bf5 Reb6 20. Bxc8 Rxb2 21. Qf5
Qa5 22. Rd2 Qxc3+ 23. Kd1 Rxd2+ 24. Nxd2 Rb2 25. Nb3 Ne4 26. Rxe4 Qc2+ 0-1

[Event "Titled Tue 3rd Jun Early"]
[Site "chess.com INT"]
[Date "2025.06.03"]
[Round "7"]
[White "Moro Saidon, Gonzalo"]
[Black "Unver, Cumayi"]
[Result "0-1"]
[WhiteElo "2100"]
[BlackElo "2012"]
[WhiteFideId "140082"]
[BlackFideId "6304940"]
[EventDate "2025.06.03"]

1. Nf3 Nf6 2. g3 g6 3. Bg2 Bg7 4. O-O O-O 5. d4 d6 6. c4 Nbd7 7. Nc3 e5 8. e4
exd4 9. Nxd4 Nc5 10. h3 Re8 11. Re1 c6 12. Qc2 a5 13. Be3 Re5 14. f4 Re8 15. Bf2
a4 16. Rad1 Qa5 17. e5 dxe5 18. fxe5 Nfd7 19. Nf3 Nxe5 20. Nxe5 Bxe5 21. Nb5 Bf5
22. Qd2 Qxd2 23. Rxd2 Nd3 24. Rxd3 Bxd3 25. Nd4 0-1

[Event "Titled Tue 3rd Jun Early"]
[Site "chess.com INT"]
[Date "2025.06.03"]
[Round "7"]
[White "Sarana, Alexey"]
[Black "Nepomniachtchi, Ian"]
[Result "0-1"]
[WhiteTitle "GM"]
[BlackTitle "GM"]
[WhiteElo "2686"]
[BlackElo "2757"]
[WhiteFideId "24133795"]
[BlackFideId "4168119"]
[EventDate "2025.06.03"]

1. e4 c5 2. Nf3 d6 3. Nc3 Nf6 4. e5 dxe5 5. Nxe5 a6 6. a4 Nbd7 7. Nc4 b6 8. d4
e6 9. Bf4 Bb7 10. Nd6+ Bxd6 11. Bxd6 Qc8 12. dxc5 Nxc5 13. Qd4 Qc6 14. O-O-O
O-O-O 15. Qf4 Nfe4 16. Nb5 axb5 17. Bxb5 Nb3+ 18. Kb1 Nbd2+ 19. Rxd2 Nxd2+ 20.
Qxd2 Qxd6 21. Qxd6 Rxd6 0-1

[Event "Titled Tue 3rd Jun Early"]
[Site "chess.com INT"]
[Date "2025.06.03"]
[Round "7"]
[White "Negrean, Andrei"]
[Black "Beerdsen, Thomas"]
[Result "0-1"]
[WhiteTitle "FM"]
[BlackTitle "GM"]
[WhiteElo "2336"]
[BlackElo "2535"]
[WhiteFideId "1291513"]
[BlackFideId "1030108"]
[EventDate "2025.06.03"]

1. e4 e5 2. Nf3 Nc6 3. Nc3 Nf6 4. Bb5 Bd6 5. O-O O-O 6. d3 Re8 7. Bg5 h6 8. Bh4
a6 9. Bc4 Na5 10. Nd5 g5 11. Nxg5 Nxd5 12. Qh5 Qf6 13. Nxf7 Qxf7 14. Bxd5 Re6
15. Bxe6 dxe6 16. Qxh6 Bf8 17. Qf6 Nc6 18. Qxf7+ Kxf7 19. f4 Bc5+ 20. Kh1 exf4
21. Rxf4+ Ke8 22. Bf2 e5 23. Rf3 Bxf2 24. Rxf2 Be6 25. Raf1 Ke7 26. h3 Rh8 27.
Kh2 b5 28. a3 a5 29. Rg1 b4 30. g4 bxa3 31. bxa3 Nd4 32. Kg3 Bd7 33. h4 Bxg4 34.
c3 Ne2+ 35. Kxg4 Nxg1 36. Kf5 Rf8+ 37. Kxe5 Rxf2 38. h5 Rh2 0-1

[Event "Titled Tue 3rd Jun Early"]
[Site "chess.com INT"]
[Date "2025.06.03"]
[Round "7"]
[White "Marchesich, Giovanni"]
[Black "Zieba, Hubert"]
[Result "1-0"]
[WhiteTitle "CM"]
[BlackTitle "CM"]
[WhiteElo "2219"]
[BlackElo "2233"]
[WhiteFideId "2824790"]
[BlackFideId "21844704"]
[EventDate "2025.06.03"]

1. d4 d5 2. Nc3 Nf6 3. Bf4 e6 4. a3 Be7 5. e3 O-O 6. Nf3 c5 7. Bd3 Nc6 8. O-O a6
9. dxc5 Bxc5 10. Re1 h6 11. e4 dxe4 12. Nxe4 Nxe4 13. Bxe4 Qb6 14. Qe2 Qxb2 15.
Nd2 Qf6 16. Bg3 e5 17. Nc4 Bd4 18. Rab1 b5 19. Bxc6 Qxc6 20. Nxe5 Bxe5 21. Bxe5
Bb7 22. Qg4 f6 23. Bd4 Qxc2 24. Rbc1 Qd3 25. Rc7 Rf7 26. Rxf7 Kxf7 27. Qd7+ Kg8
28. Qxb7 Rd8 29. Be3 Qxa3 30. h4 Qd6 31. g3 Rb8 32. Qe4 b4 33. Bf4 1-0

[Event "Titled Tue 3rd Jun Early"]
[Site "chess.com INT"]
[Date "2025.06.03"]
[Round "7"]
[White "Laddha, Yash Jayesh"]
[Black "Yezhel, Valiantsin"]
[Result "0-1"]
[WhiteTitle "CM"]
[BlackTitle "FM"]
[WhiteElo "2053"]
[BlackElo "2232"]
[WhiteFideId "30942780"]
[BlackFideId "13504983"]
[EventDate "2025.06.03"]

1. e4 d5 2. exd5 Qxd5 3. Nc3 Qd6 4. d4 Nf6 5. Nf3 a6 6. Bc4 b5 7. Bb3 Bb7 8. O-O
e6 9. Be3 Nbd7 10. Qe2 Be7 11. Rad1 O-O 12. Rfe1 Qb6 13. d5 c5 14. dxe6 fxe6 15.
Bg5 c4 16. Qxe6+ Qxe6 17. Rxe6 Bb4 18. Bxf6 Nxf6 19. Ne5 cxb3 20. axb3 Rad8 21.
Rxd8 Rxd8 22. h4 Bc5 23. Kh2 Bc8 24. Rc6 Bd6 25. f4 Bxe5 26. fxe5 Ng4+ 27. Kg3
Nxe5 28. Rc5 Nf7 29. Nd5 Kf8 30. Nb6 Be6 31. Rc6 Rd6 0-1

[Event "Titled Tue 3rd Jun Early"]
[Site "chess.com INT"]
[Date "2025.06.03"]
[Round "7"]
[White "Lopez Rayo, Isabella"]
[Black "Piesik, Piotr"]
[Result "1-0"]
[WhiteTitle "WFM"]
[BlackTitle "IM"]
[WhiteElo "2021"]
[BlackElo "2436"]
[WhiteFideId "4452755"]
[BlackFideId "1136194"]
[EventDate "2025.06.03"]

1. e4 g6 2. d4 Bg7 3. Nf3 c6 4. h3 d6 5. Nc3 Nf6 6. Bg5 O-O 7. Qd2 Nbd7 8. Bd3
e5 9. O-O-O b5 10. dxe5 dxe5 11. Bh6 Qe7 12. h4 Nh5 13. g4 Nf4 14. Bxg7 Kxg7 15.
h5 g5 16. h6+ Kh8 17. Ne2 Nc5 18. Nxf4 gxf4 19. Qc3 f6 20. g5 b4 21. gxf6 bxc3
22. fxe7 cxb2+ 23. Kxb2 Re8 24. Nxe5 Bb7 25. Nf7+ Kg8 26. Bc4 Rxe7 27. Rhg1+ Kf8
28. Nd6 Ne6 29. Bxe6 Rxe6 30. Nxb7 Rb8 31. Rd7 Rxe4 32. Kc3 Re7 33. Rxe7 Kxe7
34. Rg7+ 1-0

[Event "Titled Tue 3rd Jun Early"]
[Site "chess.com INT"]
[Date "2025.06.03"]
[Round "7"]
[White "Barwinska, Ewa"]
[Black "Agarwal, Amaya"]
[Result "1-0"]
[WhiteTitle "WFM"]
[BlackTitle "WCM"]
[WhiteElo "2014"]
[BlackElo "2004"]
[WhiteFideId "21833761"]
[BlackFideId "48733580"]
[EventDate "2025.06.03"]

1. e4 c5 2. Nf3 d6 3. d4 cxd4 4. Nxd4 Nf6 5. Nc3 a6 6. Bg5 e6 7. f4 Be7 8. Qf3
Qc7 9. O-O-O Nbd7 10. g4 h6 11. Bh4 b5 12. Bxf6 Bxf6 13. Bxb5 axb5 14. Ndxb5 Qb6
15. Nxd6+ Ke7 16. e5 Ba6 17. exf6+ gxf6 18. Nf5+ exf5 19. Nd5+ 1-0

[Event "Titled Tue 3rd Jun Early"]
[Site "chess.com INT"]
[Date "2025.06.03"]
[Round "7"]
[White "Noy, Eyal"]
[Black "Andrews, Todd"]
[Result "0-1"]
[WhiteTitle "FM"]
[BlackTitle "FM"]
[WhiteElo "2346"]
[BlackElo "2097"]
[WhiteFideId "2821117"]
[BlackFideId "2012456"]
[EventDate "2025.06.03"]

1. e4 e6 2. Qe2 d5 3. exd5 Qxd5 4. Nc3 Qd8 5. g3 Bd7 6. Nf3 Bc6 7. Bg2 Nd7 8. d4
Bb4 9. Bd2 Ngf6 10. a3 Bxc3 11. Bxc3 O-O 12. O-O-O Re8 13. Rhe1 Ne4 14. Qe3 Ndf6
15. Ne5 Nxc3 16. Nxc6 Nxd1 17. Rxd1 bxc6 18. Bxc6 Rb8 19. Bxe8 Qxe8 20. Rd3 Qb5
21. Rb3 Qf1+ 22. Kd2 Rxb3 23. cxb3 h6 24. b4 Nd5 25. Qf3 Qb1 26. Qb3 Qe4 27. Qd3
Qxd3+ 28. Kxd3 Kf8 29. Kc4 Ke7 30. Kc5 Kd7 31. a4 g5 32. b5 g4 33. a5 Nf6 34. b6
cxb6+ 35. axb6 Ne4+ 36. Kb5 axb6 37. Kxb6 Nxf2 38. b4 Ne4 39. b5 f5 40. Ka7 Nd6
41. b6 Kc6 42. Ka6 h5 43. Ka7 f4 44. gxf4 h4 45. b7 Nxb7 0-1

[Event "Titled Tue 3rd Jun Early"]
[Site "chess.com INT"]
[Date "2025.06.03"]
[Round "7"]
[White "Rosen, Eric"]
[Black "Jia, Haoxiang"]
[Result "1-0"]
[WhiteTitle "IM"]
[BlackTitle "IM"]
[WhiteElo "2377"]
[BlackElo "2316"]
[WhiteFideId "2032562"]
[BlackFideId "8602999"]
[EventDate "2025.06.03"]

1. d4 Nf6 2. Bf4 g6 3. Nc3 d5 4. e3 Bg7 5. h4 h6 6. Nf3 O-O 7. Ne5 c5 8. dxc5
Qa5 9. Qd2 Nc6 10. Nxc6 bxc6 11. a3 Qxc5 12. Na4 Ne4 13. Nxc5 Nxd2 14. Kxd2 Bxb2
15. Ra2 Bg7 16. Bc7 d4 17. e4 f5 18. Bc4+ Kh7 19. e5 f4 20. e6 Rf5 21. Nd3 f3
22. g4 Rf6 23. Re1 h5 24. g5 Rf5 25. Rb2 a5 26. Rb6 c5 27. a4 Ra7 28. Bg3 Bb7
29. Bb8 1-0

[Event "Titled Tue 3rd Jun Early"]
[Site "chess.com INT"]
[Date "2025.06.03"]
[Round "7"]
[White "Shuvalov, Evgenij"]
[Black "Lau, Lut Yin Luke"]
[Result "1-0"]
[BlackTitle "CM"]
[WhiteElo "1986"]
[BlackElo "2243"]
[WhiteFideId "4187237"]
[BlackFideId "6002226"]
[EventDate "2025.06.03"]

1. d4 g6 2. c4 Bg7 3. e4 c5 4. d5 d6 5. h3 Nf6 6. Nc3 O-O 7. Nf3 e6 8. Bd3 exd5
9. exd5 Re8+ 10. Be3 Nfd7 11. O-O Ne5 12. Nxe5 Bxe5 13. Qd2 Nd7 14. Rae1 Bg7 15.
f4 a6 16. Kh1 Nf6 17. f5 Nh5 18. Qf2 Qc7 19. g4 Nf6 20. Bg5 Rxe1 21. Rxe1 Qd8
22. fxg6 fxg6 23. Rf1 Bd7 24. Bxf6 Qf8 25. Bxg7 Qxg7 26. Qf6 Rf8 27. Qxf8+ Qxf8
28. Rxf8+ Kxf8 29. Kg2 Ke7 30. g5 Bc8 31. h4 b6 32. Kg3 Bd7 33. Kf4 Bc8 34. Ne4 1-0